| 000 | 01012nam a22002898i 4500 | ||
|---|---|---|---|
| 001 | 19478 | ||
| 003 | BD-RjUL | ||
| 005 | 20211209000435.0 | ||
| 008 | 140224s1979 txua bc 00010 enge | ||
| 020 |
_a0292738188. _a0292738196 |
||
| 035 | _a(BD-RjUL)19538 | ||
| 040 |
_aDLC _cDLC _dBOS _beng |
||
| 041 | _aeng | ||
| 082 |
_a745.6 _bWEC 1979 |
||
| 100 | 1 |
_aWelch, Anthony. _959843 |
|
| 245 | 1 | 0 |
_aCalligraphy in the arts of the Muslim world / _cby Anthony Welch. |
| 260 |
_aAustin : _bPublished in cooperation with the Asia Society, New York [by the] University of Texas Press, _cc1979. |
||
| 300 |
_a216 p. : _bill. ; _c29 cm. |
||
| 500 | _a"Catalogue of an exhibition shown in Asia House Gallery in the winter of 1979 as an activity of the Asia Society." | ||
| 504 | _aBibliography: p. 213-216. | ||
| 650 | 0 |
_aIslamic calligraphy _xExhibitions. _959844 |
|
| 710 | 2 |
_aAsia House Gallery. _959845 |
|
| 710 | 2 |
_aAsia Society. _96483 |
|
| 942 |
_2ddc _cBK |
||
| 999 |
_c19478 _d19478 |
||